Afrika Länder - Sudden Death Alle Länder - Statistiken

Allgemein
  • Dieses Quiz wurde 441 mal gespielt
  • Das Durchschnittsergebnis liegt bei 42 aus 54
Answers on the Grid
Answers color-coded by a green-red scale on the quiz's grid according to % correct below.
Ägypten
Algerien
Angola
Äquatorialguinea
Äthiopien
Benin
Botswana
Burkina Faso
Burundi
Dschibuti
Elfenbeinküste
Eritrea
Eswatini
Gabun
Gambia
Ghana
Guinea
Guinea-Bissau
Kamerun
Kap Verde
Kenia
Komoren
Demokratische Republik Kongo
Republik Kongo
Lesotho
Liberia
Libyen
Madagaskar
Malawi
Mali
Marokko
Mauretanien
Mauritius
Mosambik
Namibia
Niger
Nigeria
Ruanda
Sambia
São Tomé und Príncipe
Senegal
Seychellen
Sierra Leone
Simbabwe
Somalia
Südafrika
Südsudan
Sudan
Tansania
Tschad
Tunesien
Togo
Uganda
Zentralafrikanische Republik
Bayerische Bratwurst
Sambiland
Ghania
Sombalia
Aurus
Zypern
Vereinigten Staaten von Los Angeles
Südburundi
Nordsudan
Barania
Usk
Freiburg im Breisgau
Steinerschule
Westmosambik
Nordrheinburundi
Asctzan
Barundi
Ashbark
Westsudinien
Sudinien
Solantimor
El Grande
Kamerut
Noskalia
 
Antwortstatistiken
Antwort % Korrekt
Äthiopien
83%
Marokko
81%
Nigeria
81%
Kenia
80%
Namibia
80%
Republik Kongo
80%
Sambia
80%
Tschad
80%
Ägypten
79%
Algerien
79%
Elfenbeinküste
79%
Eritrea
79%
Kamerun
79%
Libyen
79%
Mali
79%
Niger
79%
Ruanda
79%
Simbabwe
79%
Togo
79%
Tunesien
79%
Uganda
79%
Angola
78%
Äquatorialguinea
78%
Senegal
78%
Somalia
78%
Südafrika
78%
Tansania
78%
Botswana
77%
Burkina Faso
77%
Demokratische Republik Kongo
77%
Ghana
77%
Guinea
77%
Sudan
77%
Südsudan
77%
Zentralafrikanische Republik
77%
Benin
76%
Gambia
76%
Kap Verde
76%
Liberia
76%
Madagaskar
76%
Mosambik
76%
Sierra Leone
76%
Burundi
75%
Dschibuti
75%
Eswatini
75%
Guinea-Bissau
75%
Malawi
75%
Lesotho
74%
Mauretanien
74%
Gabun
73%
Seychellen
72%
Komoren
71%
Mauritius
71%
São Tomé und Príncipe
68%
Keine übereinstimmenden Quizze gefunden
Verteilung der Resultate
Anzahl Personen mit jedem Resultat
Perzentil nach korrekt beantworteten Fragen
Ihre Resultats-Entwicklung
Sie haben dieses Quiz noch nicht gespielt